[Event "Tradewise Gibraltar AmatWk2"]
[Site "Gibraltar"]
[Date "2018.01.30"]
[Round "4.19"]
[White "Pena, Helio Adelino Silva"]
[Black "Stai, Sondre"]
[Result "1-0"]
[WhiteElo "1894"]
[BlackElo "1668"]
[PlyCount "73"]
[EventDate "2018.01.27"]
[EventType "swiss"]
[EventRounds "5"]
[EventCountry "GGB"]

1. e4 c5 2. Nf3 d6 3. d4 cxd4 4. Nxd4 Nf6 5. Nc3 Nc6 6. Bb5 Bd7 7. O-O a6 8.
Bxc6 Bxc6 9. Nxc6 bxc6 10. e5 dxe5 11. Qf3 Nd5 12. Ne4 Qc7 13. c4 Nf6 14. Nc3
e6 15. Be3 Be7 16. Na4 e4 17. Qe2 c5 18. f4 O-O 19. g4 Rad8 20. Nc3 Rfe8 21. g5
Nd5 22. cxd5 exd5 23. Nxe4 Bf8 24. Nf6+ gxf6 25. gxf6 Qc6 26. f5 Qxf6 27. Qg2+
Bg7 28. Bxc5 d4 29. Bb4 Kh8 30. Kh1 Bh6 31. Rf3 Qg5 32. Rg3 Qf6 33. Rf1 Rg8 34.
Qe4 Rxg3 35. Be7 Rg1+ 36. Rxg1 Qb6 37. Qe5+ 1-0

[Event "Tradewise Gibraltar AmatWk2"]
[Site "Gibraltar"]
[Date "2018.01.30"]
[Round "4.20"]
[White "Izzard, Brian J"]
[Black "Spanton, Tim R"]
[Result "0-1"]
[WhiteElo "1657"]
[BlackElo "1888"]
[PlyCount "38"]
[EventDate "2018.01.27"]
[EventType "swiss"]
[EventRounds "5"]
[EventCountry "GGB"]

1. d4 d5 2. Bg5 Nf6 3. e3 Nc6 4. Nf3 Bg4 5. Be2 e6 6. Nbd2 h6 7. Bh4 Be7 8. h3
Bf5 9. Bb5 a6 10. Be2 Nb4 11. O-O Nxc2 12. Rc1 Nb4 13. Qb3 Bd6 14. Ne5 g5 15.
Bg3 O-O 16. f4 Ne4 17. Nxe4 Bxe4 18. a3 Nc6 19. Qxb7 Na5 0-1

[Event "Tradewise Gibraltar AmatWk2"]
[Site "Gibraltar"]
[Date "2018.01.30"]
[Round "4.21"]
[White "Yilmaz, Kazim"]
[Black "Galvan Cipriani, Viviana"]
[Result "0-1"]
[WhiteElo "1656"]
[BlackElo "1826"]
[PlyCount "188"]
[EventDate "2018.01.27"]
[EventType "swiss"]
[EventRounds "5"]
[EventCountry "GGB"]

1. e4 c5 2. Nf3 Nc6 3. Bc4 g6 4. O-O Bg7 5. Nc3 Na5 6. d3 e6 7. Bf4 d6 8. Qd2
h6 9. Bb5+ Nc6 10. Bxc6+ bxc6 11. d4 cxd4 12. Ne2 e5 13. Bg3 Nf6 14. Qd3 O-O
15. c4 c5 16. Nd2 Re8 17. h3 a5 18. f4 Ba6 19. fxe5 dxe5 20. Kh2 Nd7 21. Rf3
Rf8 22. Raf1 Bb7 23. R3f2 Qe7 24. Kh1 f5 25. exf5 e4 26. Qb3 e3 27. Qxb7 exf2
28. Qd5+ Kh8 29. Rxf2 Nb6 30. Qc6 Rf6 31. Qb5 Qe3 32. Nf1 Qe7 33. Nf4 gxf5 34.
Bh4 Qe1 35. Ng6+ Rxg6 36. Qxc5 Rf8 37. Rxf5 Qe8 38. Ng3 Rxf5 39. Qxf5 Rd6 40.
Ne4 Re6 41. Nf6 Rxf6 42. Bxf6 Qf8 43. Bxg7+ Qxg7 44. Qxa5 Qf6 45. c5 Nc8 46.
Qc7 Ne7 47. Qd7 Qf1+ 48. Kh2 Qf4+ 49. Kh1 Qc1+ 50. Kh2 Qxc5 51. Qe6 Kg7 52.
Qg4+ Kh8 53. Qe6 Qc7+ 54. Kh1 Qc1+ 55. Kh2 Qf4+ 56. Kh1 Ng8 57. Qe2 Qf5 58. Qd2
d3 59. Kg1 Kh7 60. a4 Nf6 61. b4 Nd7 62. a5 Ne5 63. Qc3 Qf6 64. Qc5 Qf4 65.
Qe7+ Nf7 66. Qd7 d2 67. a6 Qd6 68. Qxf7+ Kh8 69. Qe8+ Kg7 70. Qe2 d1=Q+ 71.
Qxd1 Qxd1+ 72. Kh2 Qd6+ 73. g3 Qxa6 74. g4 Qb5 75. h4 Qxb4 76. Kg3 Qc3+ 77. Kf4
Qd4+ 78. Kf5 Qf2+ 79. Ke4 Qxh4 80. Kf5 Qg5+ 81. Ke4 Qxg4+ 82. Ke5 Qg6 83. Kd5
h5 84. Ke5 h4 85. Kf4 h3 86. Ke5 h2 87. Kd5 h1=R 88. Kc5 Rh5+ 89. Kd4 Qg4+ 90.
Ke3 Rh3+ 91. Kf2 Qb4 92. Kg2 Ra3 93. Kf2 Qb2+ 94. Ke1 Ra1# 0-1

[Event "Tradewise Gibraltar AmatWk2"]
[Site "Gibraltar"]
[Date "2018.01.30"]
[Round "4.22"]
[White "Glacner, Karel"]
[Black "Lopez Valcarcel, Juan"]
[Result "0-1"]
[WhiteElo "1560"]
[BlackElo "1780"]
[PlyCount "76"]
[EventDate "2018.01.27"]
[EventType "swiss"]
[EventRounds "5"]
[EventCountry "GGB"]

1. e4 c5 2. Nf3 d6 3. d4 cxd4 4. Nxd4 Nf6 5. Nc3 a6 6. Bc4 e6 7. Bb3 Be7 8. f3
Nbd7 9. Be3 O-O 10. Qd2 b5 11. Bxe6 Ne5 12. Bb3 Qc7 13. Bd5 Rb8 14. Qf2 Nc4 15.
Bc1 Bd7 16. h4 Rfe8 17. h5 Bf8 18. Qg3 b4 19. Bxc4 Qxc4 20. Nce2 Qc5 21. Bg5
Nd5 22. O-O-O Nc3 23. Nxc3 bxc3 24. Nb3 cxb2+ 25. Kxb2 Rec8 26. Bf6 Kh8 27. Bd4
Qxc2+ 28. Ka1 h6 29. Rd2 Qc4 30. Rc1 Qa4 31. Rxc8 Bxc8 32. Kb2 Be6 33. Rd3 Bc4
34. Rc3 Bxb3 35. axb3 Qxd4 36. Qf4 Rc8 37. Qc1 d5 38. exd5 Bb4 0-1

[Event "Tradewise Gibraltar AmatWk2"]
[Site "Gibraltar"]
[Date "2018.01.30"]
[Round "4.23"]
[White "Matto, Manuel"]
[Black "Luostarinen, Asmo"]
[Result "0-1"]
[WhiteElo "1814"]
[BlackElo "1580"]
[PlyCount "86"]
[EventDate "2018.01.27"]
[EventType "swiss"]
[EventRounds "5"]
[EventCountry "GGB"]

1. f4 Nf6 2. Nc3 d5 3. e3 e6 4. Nf3 c5 5. d4 cxd4 6. Qxd4 Bd7 7. Be2 Nc6 8. Qd1
Be7 9. O-O Qc7 10. a3 O-O 11. Nb5 Qb6 12. Nbd4 Rfd8 13. c3 Rac8 14. Bd3 Ne4 15.
Ne5 Nxe5 16. fxe5 Rf8 17. Qh5 Be8 18. Qh3 a6 19. a4 Qc7 20. Nf3 h6 21. Qg4 Bc6
22. b4 Qd7 23. Bb2 Bxa4 24. Bxe4 dxe4 25. Qxe4 Bc6 26. Qc2 Bxf3 27. Rxf3 Bxb4
28. Rd1 Qc7 29. Qe4 Be7 30. Rdf1 Qc6 31. Qg4 Qc4 32. e4 Qc5+ 33. Kh1 Qxe5 34.
Rg3 Rc4 35. Qh3 Kh7 36. Bc1 g5 37. Qh5 Rxe4 38. Rh3 Qg7 39. Qf3 f5 40. g4 Qe5
41. gxf5 Rxf5 42. Qg2 Rxf1+ 43. Qxf1 Re1 0-1

[Event "Tradewise Gibraltar AmatWk2"]
[Site "Gibraltar"]
[Date "2018.01.30"]
[Round "4.24"]
[White "Gonzalez Pabollet, Jesus Maria S"]
[Black "Jimenez Urquijo, Juan Manuel"]
[Result "1-0"]
[WhiteElo "1852"]
[BlackElo "1496"]
[PlyCount "79"]
[EventDate "2018.01.27"]
[EventType "swiss"]
[EventRounds "5"]
[EventCountry "GGB"]

1. Nf3 g6 2. g3 f5 3. Bg2 Bg7 4. c3 Nf6 5. O-O O-O 6. Re1 c6 7. d3 d5 8. Bf4
Nbd7 9. Ng5 Qb6 10. b4 Ng4 11. Rf1 Ndf6 12. h3 e5 13. Bd2 Nh6 14. a4 Nf7 15. a5
Qc7 16. Na3 Nh5 17. Nf3 e4 18. Nd4 Bd7 19. Nac2 Rae8 20. Ne1 e3 21. Bxe3 Rxe3
22. fxe3 Be5 23. Nef3 Bxg3 24. Qd2 f4 25. exf4 Nxf4 26. h4 Nh3+ 27. Kh1 Nf2+
28. Kg1 Ng4 29. e3 Bxh4 30. Bh1 Nxe3 31. Qxe3 Qg3+ 32. Bg2 Ng5 33. Rae1 Nh3+
34. Kh1 Nf4 35. Nxh4 Qxh4+ 36. Kg1 Re8 37. Qxe8+ Bxe8 38. Rxe8+ Kf7 39. Rf8+
Kxf8 40. Rxf4+ 1-0

[Event "Tradewise Gibraltar AmatWk2"]
[Site "Gibraltar"]
[Date "2018.01.30"]
[Round "4.25"]
[White "Koreywo, Witold"]
[Black "Garcia-Blazquez Perez, Manuel"]
[Result "0-1"]
[WhiteElo "1545"]
[BlackElo "1877"]
[PlyCount "36"]
[EventDate "2018.01.27"]
[EventType "swiss"]
[EventRounds "5"]
[EventCountry "GGB"]

1. d4 f5 2. g3 g6 3. Bg2 Bg7 4. Nf3 Nf6 5. e3 O-O 6. c4 d6 7. O-O Nc6 8. Nc3 e5
9. Nd2 exd4 10. Nd5 Be6 11. e4 Ne5 12. Qb3 c6 13. Nxf6+ Bxf6 14. exf5 Bxf5 15.
c5+ d5 16. Ne4 Be7 17. Qxb7 dxe4 18. Bh6 Rf7 0-1

[Event "Tradewise Gibraltar AmatWk2"]
[Site "Gibraltar"]
[Date "2018.01.30"]
[Round "4.26"]
[White "Jackson, Paul R"]
[Black "D'Haluin, Wim"]
[Result "1-0"]
[WhiteElo "1503"]
[BlackElo "1764"]
[PlyCount "87"]
[EventDate "2018.01.27"]
[EventType "swiss"]
[EventRounds "5"]
[EventCountry "GGB"]

1. d4 g6 2. Nf3 Bg7 3. c3 d6 4. Bf4 Nf6 5. e3 Nbd7 6. Be2 O-O 7. h3 c5 8. O-O
a6 9. Nbd2 b5 10. a4 b4 11. cxb4 cxb4 12. Rc1 Bb7 13. Qb3 Nd5 14. Bg3 a5 15.
Rc2 N7b6 16. Rfc1 Ba6 17. Bxa6 Rxa6 18. Rc6 Qa8 19. Qd3 Re8 20. e4 Nf6 21. d5
Nfd7 22. Qb5 Bxb2 23. R1c2 Bc3 24. Nc4 Qa7 25. Bf4 Rb8 26. Be3 Kf8 27. Kf1 Nc5
28. Bxc5 dxc5 29. e5 Rb7 30. d6 exd6 31. exd6 Bf6 32. Re2 Bd8 33. Rxb6 Bxb6 34.
Qe8+ Kg7 35. Nxb6 Raxb6 36. Qe5+ f6 37. Qxc5 Rd7 38. Re7+ Rxe7 39. dxe7 Qa6+
40. Kg1 Re6 41. Qc7 Kh6 42. Qd8 Qc6 43. Qf8+ Kh5 44. g4# 1-0

[Event "Tradewise Gibraltar AmatWk2"]
[Site "Gibraltar"]
[Date "2018.01.30"]
[Round "4.28"]
[White "Smedsrud, Morten S"]
[Black "Melgar Guerrero, Salvador"]
[Result "0-1"]
[WhiteElo "1349"]
[BlackElo "1713"]
[PlyCount "78"]
[EventDate "2018.01.27"]
[EventType "swiss"]
[EventRounds "5"]
[EventCountry "GGB"]

1. e4 c5 2. Nf3 d6 3. d4 cxd4 4. Nxd4 Nf6 5. Nc3 g6 6. Be3 Bg7 7. f3 O-O 8. Bc4
Nc6 9. Qd2 Bd7 10. O-O-O Rc8 11. Bb3 Ne5 12. g4 Nc4 13. Qf2 Nxe3 14. Qxe3 Qb6
15. Rd3 Rfe8 16. Qd2 Qa5 17. h4 h5 18. gxh5 Nxh5 19. Rg1 a6 20. Rxg6 Kh7 21.
Rxg7+ Nxg7 22. f4 Qh5 23. Nf3 Be6 24. Nd5 Bxd5 25. Bxd5 f6 26. e5 dxe5 27. fxe5
Rf8 28. exf6 Rxf6 29. Be4+ Kh8 30. Qg2 Rcf8 31. Kb1 Ne6 32. c3 Nf4 33. Qd2 Nxd3
34. Qxd3 Rxf3 35. Bxf3 Qxf3 36. Qd4+ Qf6 37. Qg4 Qf1+ 38. Kc2 Rf2+ 39. Kb3 Qb5+
0-1

[Event "Tradewise Gibraltar AmatWk2"]
[Site "Gibraltar"]
[Date "2018.01.30"]
[Round "4.29"]
[White "Kympergr, Vojtech"]
[Black "Volovik, Konstantin"]
[Result "1-0"]
[WhiteElo "1468"]
[BlackElo "1701"]
[PlyCount "169"]
[EventDate "2018.01.27"]
[EventType "swiss"]
[EventRounds "5"]
[EventCountry "GGB"]

1. Nf3 a6 2. a4 e6 3. g3 b6 4. Bg2 Bb7 5. O-O Nf6 6. d4 d6 7. Bg5 Nbd7 8. Re1
Be7 9. c4 h6 10. Bf4 Nh5 11. Be3 c5 12. d5 e5 13. Nc3 O-O 14. Nd2 f5 15. Nf1
Bc8 16. Bd2 f4 17. g4 Nhf6 18. h3 Nh7 19. Ne4 Ndf6 20. Nxf6+ Nxf6 21. e4 a5 22.
b3 Qe8 23. Nh2 Nh7 24. Nf3 Qg6 25. Kh1 Nf6 26. Nh4 Qf7 27. Nf5 Nh7 28. Nxe7+
Qxe7 29. f3 Qh4 30. Rf1 Qf6 31. Be1 g5 32. Kh2 Ra7 33. Bc3 Rff7 34. Qe2 Nf8 35.
Rg1 Ng6 36. Be1 Rg7 37. Rd1 Bd7 38. Rd2 Ra8 39. Rf1 Kf7 40. Kg1 h5 41. Qd1 Rh7
42. Rd3 Rh6 43. Bc3 Ke7 44. Qc2 Rah8 45. Be1 R8h7 46. Qd2 Qh8 47. Qd1 Qf6 48.
Qe2 Nh4 49. Bxh4 gxh4 50. Kf2 Rg7 51. Rg1 Rg5 52. Ke1 Rh8 53. Kd2 Rf8 54. Kc2
Rf7 55. Qd1 hxg4 56. fxg4 Rg8 57. Qf3 Rgf8 58. Qf1 Qg5 59. Qe2 Rf6 60. Bf3 Be8
61. Bg2 Bg6 62. Kc3 Qh6 63. Rf3 Qh7 64. Rd3 Qg7 65. g5 R6f7 66. Qg4 Kd8 67. Qe6
Rd7 68. Qg4 Qh7 69. Re1 Rh8 70. Bf3 Rf7 71. Rg1 Bh5 72. Qg2 Bxf3 73. Qxf3 Qh5
74. Qg4 Qxg4 75. Rxg4 f3 76. Rd1 f2 77. Rf1 Rhf8 78. Kd2 Rf3 79. Rxh4 Rxb3 80.
Rh6 Rff3 81. Rf6 Rfd3+ 82. Ke2 Rxh3 83. Kxf2 Rh2+ 84. Kg1 Rbh3 85. Rf8+ 1-0

[Event "Tradewise Gibraltar AmatWk2"]
[Site "Gibraltar"]
[Date "2018.01.30"]
[Round "4.30"]
[White "Lopez Diaz, Rafael"]
[Black "Naldrett, Geoffrey"]
[Result "1-0"]
[WhiteElo "1687"]
[BlackElo "1547"]
[PlyCount "87"]
[EventDate "2018.01.27"]
[EventType "swiss"]
[EventRounds "5"]
[EventCountry "GGB"]

1. e4 c6 2. Nf3 d5 3. exd5 cxd5 4. Nc3 Nf6 5. d4 Nc6 6. Bb5 a6 7. Bxc6+ bxc6 8.
Ne5 Bb7 9. O-O e6 10. Na4 Be7 11. b3 O-O 12. f3 Nd7 13. Be3 Nb6 14. Nb2 a5 15.
Rc1 a4 16. c4 axb3 17. axb3 Rc8 18. c5 Nd7 19. f4 f6 20. Nf3 Qc7 21. Nd3 Ba6
22. Nfe1 e5 23. f5 e4 24. Nf4 Bxf1 25. Ne6 Qb8 26. Nxf8 Nxf8 27. Kxf1 Qxh2 28.
Qg4 Qh1+ 29. Kf2 h5 30. Qg3 h4 31. Qg4 h3 32. gxh3 Qh2+ 33. Ng2 Qc7 34. Nf4 Nh7
35. Rg1 Bf8 36. Ne6 Qf7 37. h4 Ra8 38. Bh6 Ra2+ 39. Ke3 Rb2 40. Bxg7 Rxb3+ 41.
Kd2 Rb2+ 42. Kc3 Rb3+ 43. Kxb3 Qb7+ 44. Kc2 1-0

[Event "Tradewise Gibraltar AmatWk2"]
[Site "Gibraltar"]
[Date "2018.01.30"]
[Round "4.31"]
[White "Kearsley, Raymond J"]
[Black "Popham, Sarah"]
[Result "1-0"]
[WhiteElo "1655"]
[BlackElo "1238"]
[PlyCount "55"]
[EventDate "2018.01.27"]
[EventType "swiss"]
[EventRounds "5"]
[EventCountry "GGB"]

1. e4 e5 2. Nf3 Nc6 3. c3 Nf6 4. d4 exd4 5. e5 Ng4 6. cxd4 d6 7. h3 Nh6 8. Bb5
Bd7 9. Nc3 dxe5 10. dxe5 Bb4 11. Qb3 Qe7 12. O-O Nf5 13. Nd5 Qd8 14. Bxc6 Bxc6
15. Nxb4 Bb5 16. Rd1 Qe7 17. Nd5 Qc5 18. Nxc7+ Qxc7 19. Qxb5+ Ke7 20. Bg5+ f6
21. Rac1 Qb8 22. Qd7+ Kf8 23. Qxf5 Qe8 24. exf6 gxf6 25. Qxf6+ Kg8 26. Ne5 Qf8
27. Qe6+ Kg7 28. Bh6# 1-0

[Event "Tradewise Gibraltar AmatWk2"]
[Site "Gibraltar"]
[Date "2018.01.30"]
[Round "4.32"]
[White "White, Gary"]
[Black "Mahbubani, Arun"]
[Result "1-0"]
[WhiteElo "1663"]
[BlackElo "1288"]
[PlyCount "53"]
[EventDate "2018.01.27"]
[EventType "swiss"]
[EventRounds "5"]
[EventCountry "GGB"]

1. f4 e6 2. Nf3 d5 3. d3 Nc6 4. b3 Nf6 5. Bb2 b6 6. Nbd2 Bb7 7. g3 Ng4 8. Bh3
Ne3 9. Qc1 Nb4 10. c3 Nbc2+ 11. Kf2 Bd6 12. Rb1 Qe7 13. Nf1 Nxf1 14. Qxc2 Nxg3
15. hxg3 e5 16. e3 O-O 17. fxe5 Bxe5 18. Nxe5 Qxe5 19. c4 Qg5 20. Bg2 Rae8 21.
Qe2 Qf5+ 22. Ke1 Qg5 23. Kd2 Qxg3 24. Rbg1 Qd6 25. Bxd5 g6 26. Rxh7 Bxd5 27.
Rh8# 1-0

[Event "Tradewise Gibraltar AmatWk2"]
[Site "Gibraltar"]
[Date "2018.01.30"]
[Round "4.35"]
[White "Olde, Karl Erik"]
[Black "Raffo, Luis"]
[Result "1-0"]
[WhiteElo "1402"]
[BlackElo "1395"]
[PlyCount "103"]
[EventDate "2018.01.27"]
[EventType "swiss"]
[EventRounds "5"]
[EventCountry "GGB"]

1. d4 d5 2. c4 dxc4 3. e3 b5 4. Nc3 a6 5. a4 b4 6. Na2 b3 7. Nc3 Be6 8. d5 Bf5
9. e4 Bg6 10. Bxc4 Nd7 11. Bxb3 Nc5 12. Bc2 f6 13. Nf3 Bh5 14. O-O Rb8 15. Rb1
Nd7 16. Bf4 g5 17. Bg3 Bg7 18. Qd3 Nh6 19. h3 O-O 20. Nd4 Qe8 21. Ne6 Qf7 22.
Nxf8 Rxf8 23. e5 Bg6 24. e6 Qe8 25. exd7 Qxd7 26. Qd2 Nf7 27. Bxg6 hxg6 28.
Rbc1 f5 29. f4 g4 30. Bh4 gxh3 31. gxh3 Re8 32. Rfe1 Nd6 33. Qe2 Bd4+ 34. Bf2
Bxf2+ 35. Kxf2 Kh7 36. Rg1 e6 37. Qf3 e5 38. fxe5 Rxe5 39. Qg3 Qg7 40. Rce1
Rxe1 41. Rxe1 Qd4+ 42. Kg2 Qd2+ 43. Re2 Qh6 44. Re7+ Kg8 45. Qe3 f4 46. Qe6+
Kh8 47. Qf6+ Kg8 48. Rd7 f3+ 49. Qxf3 Nf5 50. Kh2 Qg5 51. d6 cxd6 52. Qa8+ 1-0

[Event "Tradewise Gibraltar AmatWk2"]
[Site "Gibraltar"]
[Date "2018.01.30"]
[Round "4.36"]
[White "Sagar, Siya"]
[Black "Dhanwani, Aditya"]
[Result "1-0"]
[WhiteElo "1199"]
[BlackElo "1484"]
[PlyCount "131"]
[EventDate "2018.01.27"]
[EventType "swiss"]
[EventRounds "5"]
[EventCountry "GGB"]

1. e4 e6 2. d4 d5 3. Nd2 Nc6 4. Bb5 Bd7 5. Bxc6 Bxc6 6. e5 Ne7 7. Ngf3 Bb5 8.
b3 g6 9. c4 dxc4 10. Nxc4 Qd5 11. Qc2 Bg7 12. O-O O-O 13. Ne3 Qc6 14. Qxc6 Bxc6
15. Nd2 Rad8 16. Bb2 Bh6 17. Rac1 Nd5 18. Nxd5 Rxd5 19. f4 Ra5 20. a4 Bg7 21.
Rc5 Rxc5 22. dxc5 Rd8 23. Rf2 Bh6 24. g3 Bf8 25. Ba3 b6 26. Kf1 Bxc5 27. Bxc5
bxc5 28. Ke1 Rd3 29. Kd1 Bd5 30. Kc2 Rd4 31. Re2 Bb7 32. Nc4 Be4+ 33. Kc3 Bd3
34. Rd2 Bxc4 35. Rxd4 cxd4+ 36. Kxc4 d3 37. Kxd3 Kf8 38. Kd4 Ke7 39. Kc5 Kd7
40. Kb5 Kc8 41. Kc6 h6 42. h4 h5 43. b4 a6 44. a5 Kd8 45. Kb7 Kd7 46. Kxa6 Kc6
47. b5+ Kd5 48. Kb7 Kc5 49. a6 Kxb5 50. a7 c5 51. a8=Q c4 52. Qa1 Kb4 53. Qc1
c3 54. Kc6 Kc4 55. Qc2 Kd4 56. Kb5 Ke3 57. Qxc3+ Ke4 58. Kc4 Kf5 59. Qf3 f6 60.
exf6 Kxf6 61. Qe4 Kf7 62. Qe5 Kg8 63. Qc7 Kf8 64. Kd4 e5+ 65. Kxe5 g5 66. Kf6
1-0

[Event "Tradewise Gibraltar AmatWk2"]
[Site "Gibraltar"]
[Date "2018.01.31"]
[Round "5.1"]
[White "James, Kevin"]
[Black "Johansson, Daniel 1984"]
[Result "1/2-1/2"]
[WhiteElo "1851"]
[BlackElo "1832"]
[PlyCount "131"]
[EventDate "2018.01.27"]
[EventType "swiss"]
[EventRounds "5"]
[EventCountry "GGB"]

1. d4 Nf6 2. c4 e6 3. Nc3 d5 4. cxd5 exd5 5. Bg5 Nbd7 6. e3 Be7 7. Qc2 O-O 8.
Bd3 h6 9. Bh4 Re8 10. Nge2 Nf8 11. f3 b6 12. Bf2 Bb7 13. O-O Ne6 14. Rad1 a6
15. a3 c5 16. Bf5 Qc7 17. e4 cxd4 18. Nxd4 Nxd4 19. Bxd4 Bc5 20. Kh1 Bxd4 21.
Rxd4 dxe4 22. Bxe4 Nxe4 23. fxe4 Rad8 24. Qd3 Rxd4 25. Qxd4 b5 26. Re1 Re5 27.
Re2 Qe7 28. Qd3 h5 29. Kg1 g6 30. Kf1 Qg5 31. Qg3 Qf6+ 32. Qf3 Qe6 33. Qd3 Kh7
34. Kf2 Bc6 35. Qd4 a5 36. b4 axb4 37. axb4 h4 38. h3 Qf6+ 39. Ke3 Qg5+ 40. Kd3
Re8 41. Kc2 Rd8 42. Qf2 Kg7 43. Rd2 Rc8 44. Qd4+ Kh7 45. Kb3 Re8 46. Rf2 Re7
47. Qf6 Qxf6 48. Rxf6 Bxe4 49. Nxe4 Rxe4 50. Rxf7+ Kh6 51. Rf3 Rc4 52. g4 hxg3
53. Rxg3 Kh5 54. Re3 Rf4 55. Re5+ Rf5 56. Re3 g5 57. Kc3 Kh4 58. Kd4 Rf1 59.
Kc5 Rh1 60. Kxb5 Rxh3 61. Rxh3+ Kxh3 62. Ka6 g4 63. b5 g3 64. b6 g2 65. b7 g1=Q
66. b8=Q 1/2-1/2

[Event "Tradewise Gibraltar AmatWk2"]
[Site "Gibraltar"]
[Date "2018.01.31"]
[Round "5.2"]
[White "Murray, J Stephen"]
[Black "Diaz Mino, Daniel"]
[Result "0-1"]
[WhiteElo "1771"]
[BlackElo "1698"]
[PlyCount "128"]
[EventDate "2018.01.27"]
[EventType "swiss"]
[EventRounds "5"]
[EventCountry "GGB"]

1. e4 c5 2. Nf3 d6 3. Bb5+ Bd7 4. Bxd7+ Nxd7 5. O-O Ngf6 6. Re1 Qc7 7. Nc3 g6
8. d3 Bg7 9. Bg5 O-O 10. Qd2 Rfe8 11. Rab1 a6 12. Nd5 Nxd5 13. exd5 Nf8 14. Bh6
b5 15. Bxg7 Kxg7 16. c4 Nd7 17. Re4 Nf6 18. Rh4 h5 19. Re1 Rh8 20. h3 Qd7 21.
Rf4 Rab8 22. b3 a5 23. Qxa5 b4 24. Qa4 Qxa4 25. bxa4 Rhe8 26. Ng5 Ra8 27. Ne4
Nxe4 28. Rfxe4 Kf8 29. d4 cxd4 30. Rxd4 Rxa4 31. Rd2 Rea8 32. Ree2 Rc8 33. Rc2
Ra5 34. Red2 Ra3 35. Rd1 Rc3 36. Rdc1 R8xc4 37. Rxc3 Rxc3 38. Rb1 Rc2 39. Rxb4
Rxa2 40. Rb5 Kg7 41. f3 Kf6 42. Kh2 Ke5 43. Rb7 Kf6 44. Rb5 Rd2 45. h4 Re2 46.
Kg3 Re5 47. f4 Rf5 48. Kf3 e6 49. Ke4 Rxd5 50. Rxd5 exd5+ 51. Kxd5 Ke7 52. g3
Kd7 53. Kd4 Ke6 54. Ke4 d5+ 55. Kd4 Kd6 56. Kd3 Kc5 57. Kc3 d4+ 58. Kd3 Kd5 59.
Kd2 Ke4 60. Ke2 d3+ 61. Kd2 Kd4 62. Kd1 Ke3 63. Ke1 d2+ 64. Kd1 f6 0-1

[Event "Tradewise Gibraltar AmatWk2"]
[Site "Gibraltar"]
[Date "2018.01.31"]
[Round "5.3"]
[White "Mircov, Nicola-Alexandar"]
[Black "Francois-Haugrin, Said"]
[Result "1-0"]
[WhiteElo "1754"]
[BlackElo "1714"]
[PlyCount "71"]
[EventDate "2018.01.27"]
[EventType "swiss"]
[EventRounds "5"]
[EventCountry "GGB"]

1. e4 c5 2. Nf3 Nc6 3. d4 cxd4 4. Nxd4 e5 5. Nb5 d6 6. c4 Be7 7. N1c3 a6 8. Na3
f5 9. exf5 Bxf5 10. Bd3 Be6 11. Qh5+ Bf7 12. Qh3 Nf6 13. Bg5 Nd4 14. O-O Be6
15. Qh4 Nf5 16. Qh3 Nd4 17. Qe3 O-O 18. h3 h6 19. Bxf6 Bxf6 20. Qe4 Qd7 21.
Qh7+ Kf7 22. f4 Rh8 23. Qg6+ Kg8 24. Ne4 Rf8 25. Qg3 Bf5 26. c5 Bxe4 27. fxe5
dxe5 28. c6 Bxc6 29. Rf2 b5 30. Nc2 Nxc2 31. Bxc2 Qd4 32. Rd1 Qh4 33. Qb3+ Qc4
34. Qe3 Qh4 35. Qb3+ Rf7 36. Rd8+ 1-0

[Event "Tradewise Gibraltar AmatWk2"]
[Site "Gibraltar"]
[Date "2018.01.31"]
[Round "5.4"]
[White "Valladolid Martin, Francisco Jose"]
[Black "Robson, Paul E"]
[Result "1-0"]
[WhiteElo "1897"]
[BlackElo "1857"]
[PlyCount "133"]
[EventDate "2018.01.27"]
[EventType "swiss"]
[EventRounds "5"]
[EventCountry "GGB"]

1. e4 c5 2. Nf3 g6 3. d4 cxd4 4. Nxd4 Bg7 5. Be3 Nc6 6. c4 Nf6 7. Nc3 d6 8. Be2
O-O 9. O-O Bd7 10. Rc1 Nxd4 11. Bxd4 Bc6 12. Qd3 Nd7 13. Bxg7 Kxg7 14. Qd4+ Kg8
15. f4 Qb6 16. Qxb6 Nxb6 17. Nd5 Bxd5 18. exd5 a5 19. b3 Nd7 20. Bd3 Nc5 21.
Bc2 Rab8 22. a4 Rbd8 23. f5 Kg7 24. Rce1 Rfe8 25. Rf2 Nd7 26. Bd3 Nc5 27. Bc2
Nd7 28. fxg6 hxg6 29. h3 Ne5 30. Kf1 Rh8 31. Ke2 Rh4 32. Kd2 Rc8 33. Kc3 Rc7
34. Re4 Rxe4 35. Bxe4 b6 36. Bd3 Rc8 37. Rb2 e6 38. dxe6 fxe6 39. Kd4 Rf8 40.
Be4 Rf1 41. b4 Rd1+ 42. Kc3 Rc1+ 43. Bc2 Nc6 44. bxa5 Nxa5 45. Rxb6 Nxc4 46.
Rc6 Ne3 47. Kd2 Rg1 48. Kxe3 Rxg2 49. Kf3 Rh2 50. Kg3 Rh1 51. a5 Ra1 52. a6 Kf6
53. Rxd6 g5 54. Bb3 Ra3 55. Rb6 Kf5 56. Kf2 e5 57. Bc4 Ke4 58. Rb7 Rxh3 59. a7
Rf3+ 60. Ke2 Ra3 61. Bb5 Kd5 62. Rc7 Ra5 63. Bc4+ Kd6 64. Rg7 Kc5 65. Bd3 g4
66. Be4 Kd4 67. a8=Q 1-0

[Event "Tradewise Gibraltar AmatWk2"]
[Site "Gibraltar"]
[Date "2018.01.31"]
[Round "5.5"]
[White "Cherigui, Mourad"]
[Black "Gonzalez Pabollet, Jesus Maria S"]
[Result "0-1"]
[WhiteElo "1892"]
[BlackElo "1852"]
[PlyCount "144"]
[EventDate "2018.01.27"]
[EventType "swiss"]
[EventRounds "5"]
[EventCountry "GGB"]

1. Nf3 Nf6 2. c4 g6 3. b4 Bg7 4. Bb2 d6 5. g3 b6 6. Bg2 Bb7 7. O-O O-O 8. Qb3
Nbd7 9. d4 c5 10. bxc5 dxc5 11. d5 b5 12. e4 bxc4 13. Qxc4 Qb6 14. Qc2 Ba6 15.
Rd1 Rab8 16. Bc3 Ng4 17. Bxg7 Kxg7 18. Qc3+ Kg8 19. h3 Be2 20. Rc1 Bxf3 21.
Bxf3 Nge5 22. Bg2 g5 23. Qe3 Qf6 24. Nd2 Rb4 25. Nb3 c4 26. Na5 Nd3 27. Rf1
N3e5 28. f4 gxf4 29. gxf4 Ng6 30. Nc6 Rb2 31. e5 Qg7 32. Rf2 Rxf2 33. Qxf2 f6
34. e6 Nb6 35. Kh2 f5 36. Rf1 c3 37. Qc5 Kh8 38. Bf3 Nxf4 39. Rg1 Ng6 40. Bh5
Rc8 41. Bxg6 hxg6 42. Qxe7 Nxd5 43. Qd7 Rxc6 44. Qxc6 Qe5+ 45. Kh1 Qe4+ 46. Rg2
Qe1+ 47. Kh2 Qe5+ 48. Rg3 Qe2+ 49. Kg1 Qe1+ 50. Kh2 Qe2+ 51. Rg2 Qe5+ 52. Kg1
Qe1+ 53. Kh2 Qe5+ 54. Rg3 Qe2+ 55. Kg1 Qe1+ 56. Kg2 Qe2+ 57. Kg1 Qe1+ 58. Kh2
Qe2+ 59. Kh1 Qe1+ 60. Kg2 Qe2+ 61. Kh1 Qe1+ 62. Rg1 Qe4+ 63. Kh2 Qe5+ 64. Kg2
Qe2+ 65. Kg3 Qe3+ 66. Kh4 Qh6+ 67. Kg3 Qe3+ 68. Kh4 Qh6+ 69. Kg3 Qf4+ 70. Kg2
Qe4+ 71. Kf2 Qe3+ 72. Kg2 Nf4+ 0-1

[Event "Tradewise Gibraltar AmatWk2"]
[Site "Gibraltar"]
[Date "2018.01.31"]
[Round "5.6"]
[White "Georgieva, Emilia"]
[Black "Obiamiwe, Paul"]
[Result "1-0"]
[WhiteElo "1848"]
[BlackElo "1891"]
[PlyCount "61"]
[EventDate "2018.01.27"]
[EventType "swiss"]
[EventRounds "5"]
[EventCountry "GGB"]

1. d4 Nf6 2. Nf3 g6 3. e3 Bg7 4. b3 c5 5. Bd3 cxd4 6. exd4 Nc6 7. c3 O-O 8. O-O
d6 9. Re1 Qc7 10. Bb2 Re8 11. Nbd2 a6 12. Rc1 Bh6 13. Rc2 Bd7 14. Ne4 Nd5 15.
Bc1 Nf4 16. Bf1 d5 17. Ng3 Rac8 18. Ne2 Bf5 19. Rb2 Nxe2+ 20. Rbxe2 Bxc1 21.
Qxc1 Kg7 22. Qd2 Na7 23. c4 dxc4 24. bxc4 Rcd8 25. Nh4 Bg4 26. f3 Bc8 27. Rc1
Qd6 28. d5 Qf6 29. g3 Nc6 30. Qb2 Ne5 31. Qxe5 1-0

[Event "Tradewise Gibraltar AmatWk2"]
[Site "Gibraltar"]
[Date "2018.01.31"]
[Round "5.7"]
[White "Ashwani, Kumar Grover"]
[Black "Cemborain Oricain, Alfonso"]
[Result "1-0"]
[WhiteElo "1752"]
[BlackElo "1886"]
[PlyCount "75"]
[EventDate "2018.01.27"]
[EventType "swiss"]
[EventRounds "5"]
[EventCountry "GGB"]

1. Nf3 d5 2. e3 Nf6 3. c4 c6 4. Qc2 g6 5. b3 Bf5 6. d3 Na6 7. a3 Bg7 8. Bb2 O-O
9. h3 dxc4 10. bxc4 Qb6 11. g4 Be6 12. Nbd2 Rad8 13. Bc3 Qc7 14. Rb1 Ne8 15. d4
Bc8 16. Be2 c5 17. d5 e6 18. e4 Qf4 19. dxe6 fxe6 20. e5 Nb8 21. Ne4 b6 22. Bd2
Qf7 23. h4 Nc6 24. Bc3 Bb7 25. h5 Nd4 26. Bxd4 cxd4 27. Neg5 Qd7 28. Rd1 Qe7
29. hxg6 h6 30. Nf7 Rxf7 31. gxf7+ Qxf7 32. Rh3 Qf4 33. Qd2 Qxg4 34. Rg3 Qh5
35. Qf4 Kh8 36. Nh4 Bxe5 37. Qf8+ Kh7 38. Qg8# 1-0